000 01207nam a2200253Ia 4500
003 Ost
005 20260507075429.0
008 260507s9999||||xx |||||||||||||| ||und||
020 _a9789947850152
040 _cfsecg
041 _aara
082 _a657
100 _eمؤلف
245 0 _aنظام المحاسبة المالية الجديد /
260 _aالجزائر:
_bالصفحات الزرقاء,
_c2008
300 _a182 صفحة؛
_bإيضاحات ؛
_c23 سم
490 _aFormes sémiotiques
504 _aببليوغرافيا: ص.183 ملاحق ص.163
520 _aيضم مشروع النظام المحاسبي المالي الجديد: قواعد تقييم الاصول والخصوم والأعباء والمنتجات وادراجها في الحسابات، تقديم الكشوف المالية، قائمة الحسابات للنظام المحاسبي المالي الجديد: مدونة الحسابات وسيرها، المحاسبة المبسطة المطبقة على غير الكيانات الصغيرة
653 _aالادارة المالية
653 _aالمحاسبة
653 _aمراجعة الحسابات
942 _cكتاب
999 _c44504
_d44504